000
00268nam a2200121Ia 4500
008
190216s9999||||xx |||||||||||||| ||und||
100
_a
Alokmehtha
245
0
_a
Hindi-Bharath Mem Pathrakaritha
260
_b
Naishan
300
_a
286
650
_a
Hindi
942
_c
BK
999
_c
16379
_d
16379